| 000 | 00691nam a22002177a 4500 | ||
|---|---|---|---|
| 005 | 20131011161710.0 | ||
| 010 | _aENG-107711 | ||
| 020 |
_a9789382601159 _c395.00 |
||
| 035 | _aEN-91244 | ||
| 037 | _bDBAD/PUB | ||
| 082 | _a004.6780835 | ||
| 100 | _aFodeman, Doug | ||
| 245 |
_aSafe practices for life online : _cby Doug Fodeman [and] Marje Monroe _ba guide for middle and high school / |
||
| 250 | _a2nd ed | ||
| 260 |
_aUttar Pradesh _beVookz _c2010 |
||
| 270 |
_a10,Parshawanath Edens,Sector,Alpha-11,Greater Noida _bUttar Pradesh |
||
| 300 |
_axi,348p. _c23cm(pbk) |
||
| 500 | _aIncludes index | ||
| 700 | _aMonroe, Marje | ||
| 942 |
_2ddc _cEN _mFOD _h004.6780835 |
||
| 999 |
_c76887 _d76887 |
||